"S" Countries - World Map Sudden Death - Statistics

General Stats
  • This quiz has been taken 1,196 times
  • The average score is 9 of 13
Answers on the Grid
Answers color-coded by a green-red scale on the quiz's grid according to % correct below.
 
Answer Stats
Answer % Correct
Spain, San Marino, Serbia...
82%
Saudi Arabia, Sudan, South Sudan
76%
St Kitts and Nevis, Suriname, St Lucia...
74%
South Africa
70%
Sao Tomé en Principe, Sudan, South Sudan
69%
South Africa, Seychelles
69%
South Africa
67%
Sweden
66%
Saudi Arabia
63%
Senegal, Sierra Leone
56%
Singapore
53%
South Korea
53%
Samoa
52%
No matching quizzes found
Score Distribution
Percent of People with Each Score
Percentile by Number Answered
Your Score History
You have not taken this quiz